000 00803nam a2200205Ia 4500
003 OSt
005 20250714140345.0
008 210210b2003 xxu||||| |||| 00| 0 eng d
040 _cAL
041 _aKannada
082 _aK894.8 SAMA
100 _aSAMAGRA DASA SAHITYA.
_9151247
_dಸಮಗ್ರ ದಾಸ ಸಾಹಿತ್ಯ
245 _aSamagra dasa sahitya: samputa; 8, Shri Prasanna Venkatadasara kirtanegalu.
_bಸಮಗ್ರ ದಾಸ ಸಾಹಿತ್ಯ : ಸಂಪುಟ ೮, ಶ್ರೀ ಪ್ರಸನ್ನ ವೆಂಕಟದಾಸರ ಕೀರ್ತನೆಗಳು
260 _aBengaluru
_bKannada mattu Samskrati Nirdeshanalalya
_c2003
300 _a77,602
650 _aDasasahitya
_9151248
690 _aKannada Miscellaneous
_9151249
906 _a059374
942 _2ddc
_cBK
999 _c106687
_d106687